[Event "Madrid-ch Semifinal A"]
[Site "Madrid ESP"]
[Date "2014.03.12"]
[Round "1.1"]
[White "Lobato Rivero, Carlos"]
[Black "Elissalt Cardenas, Hector"]
[Result "0-1"]
[WhiteElo "1999"]
[BlackElo "2369"]
[PlyCount "100"]
[EventDate "2014.03.10"]
[EventType "swiss"]
[EventRounds "9"]
[EventCountry "ESP"]
[Source "lmi"]
[SourceDate "2014.03.10"]

1. e4 g6 2. d4 Bg7 3. Be3 c5 4. c3 Nf6 5. f3 cxd4 6. cxd4 d5 7. e5 Nfd7 8. Nc3
Nb6 9. Bb5+ Bd7 10. Bxd7+ Qxd7 11. b3 Nc6 12. Nge2 Rc8 13. Qd2 h5 14. Nf4 e6
15. Nd3 Bf8 16. O-O a6 17. Ne2 Qc7 18. Qb2 Nd7 19. Rfc1 Be7 20. a4 O-O 21. b4
Nb6 22. Bh6 Nc4 23. Qb3 Rfd8 24. b5 Qb6 25. Qc3 axb5 26. axb5 N6xe5 27. Nxe5
Nxe5 28. Qxc8 Rxc8 29. Rxc8+ Kh7 30. Bf8 Bxf8 31. Rxf8 Kg7 32. Raa8 Nd7 33.
Rg8+ Kf6 34. Kf2 Qxb5 35. h4 e5 36. dxe5+ Nxe5 37. Rge8 Qc5+ 38. Kg3 Nd3 39.
Rad8 Qc7+ 40. f4 Qc5 41. Kh3 Nf2+ 42. Kg3 Ne4+ 43. Kh2 Qf2 44. Rxd5 Qxh4+ 45.
Kg1 Qe1+ 46. Kh2 Nf2 47. Rde5 Ng4+ 48. Kh3 Nxe5 49. fxe5+ Kg5 50. Ng3 h4 0-1

[Event "Madrid-ch Semifinal A"]
[Site "Madrid ESP"]
[Date "2014.03.12"]
[Round "1.2"]
[White "Suarez Uriel, Adrian"]
[Black "Lorenzo Bailador, Alfredo"]
[Result "1-0"]
[WhiteElo "2279"]
[BlackElo "1996"]
[PlyCount "70"]
[EventDate "2014.03.10"]
[EventType "swiss"]
[EventRounds "9"]
[EventCountry "ESP"]
[Source "lmi"]
[SourceDate "2014.03.10"]

1. e4 e5 2. Nf3 Nc6 3. Bb5 a6 4. Ba4 Nf6 5. O-O Nxe4 6. d4 b5 7. Bb3 d5 8. dxe5
Be6 9. c3 Bc5 10. Qe2 O-O 11. Be3 Qe7 12. Rd1 Rfd8 13. Nbd2 Bxe3 14. Qxe3 Qc5
15. Nd4 Nxd2 16. Rxd2 Na5 17. f4 Nc4 18. Bxc4 dxc4 19. Rad1 Rd5 20. Nf5 Rxd2
21. Rxd2 Qf8 22. Nd4 Rd8 23. f5 Bc8 24. f6 gxf6 25. exf6 Kh8 26. Re2 c5 27. Nc6
Rd1+ 28. Re1 Rxe1+ 29. Qxe1 Be6 30. Qe5 h6 31. Ne7 Qd8 32. h3 Kh7 33. Qg3 Qh8
34. h4 Qf8 35. h5 Bd7 1-0

[Event "Madrid-ch Semifinal A"]
[Site "Madrid ESP"]
[Date "2014.03.12"]
[Round "1.3"]
[White "Garcia Gonzalez, Jesus"]
[Black "Madina Yadarola, Martin"]
[Result "0-1"]
[WhiteElo "1993"]
[BlackElo "2254"]
[PlyCount "94"]
[EventDate "2014.03.10"]
[EventType "swiss"]
[EventRounds "9"]
[EventCountry "ESP"]
[Source "lmi"]
[SourceDate "2014.03.10"]

1. e4 d6 2. d4 Nf6 3. Nc3 c6 4. f4 Qa5 5. Bd3 e5 6. Nf3 Bg4 7. Be3 Nbd7 8. O-O
Be7 9. Qe1 Bxf3 10. gxf3 Nh5 11. Ne2 Qxe1 12. Raxe1 g6 13. fxe5 dxe5 14. f4
exd4 15. Bxd4 Bc5 16. c3 O-O 17. Ng3 Ng7 18. Bc4 b5 19. Bb3 Bb6 20. Bxb6 axb6
21. Rd1 Nc5 22. Rd6 Rfc8 23. f5 Ne8 24. Rd2 Rc7 25. Rfd1 Kf8 26. fxg6 hxg6 27.
Rd8 Rxd8 28. Rxd8 Ke7 29. Rd2 Nd7 30. Ne2 Ne5 31. Kf2 Nd6 32. Ng3 Rc8 33. Bd1
Ndc4 34. Re2 Nxb2 35. Bc2 Nbc4 36. Nf1 Rh8 37. Kg3 g5 38. Kg2 g4 39. Ng3 Nd6
40. Nf5+ Nxf5 41. exf5 f6 42. Re3 Rd8 43. Re2 Rd5 44. Be4 Rc5 45. Re3 Rc4 46.
Kg3 Kd6 47. Bc2 b4 0-1

[Event "Madrid-ch Semifinal A"]
[Site "Madrid ESP"]
[Date "2014.03.12"]
[Round "1.4"]
[White "Ballesteros Gonzalez, David"]
[Black "Rosa Ramirez, Victor D"]
[Result "0-1"]
[WhiteElo "2233"]
[BlackElo "1989"]
[PlyCount "66"]
[EventDate "2014.03.10"]
[EventType "swiss"]
[EventRounds "9"]
[EventCountry "ESP"]
[Source "lmi"]
[SourceDate "2014.03.10"]

1. d4 Nf6 2. c4 e5 3. dxe5 Ng4 4. Nf3 Nc6 5. Nc3 Bc5 6. e3 Ngxe5 7. Be2 O-O 8.
O-O d6 9. Na4 Qf6 10. Nxc5 dxc5 11. Qd5 Qe7 12. Nxe5 Qxe5 13. Qxe5 Nxe5 14. f4
Nc6 15. Bf3 Bf5 16. Bxc6 bxc6 17. b3 Rfe8 18. Rd1 a6 19. h3 h5 20. Kf2 Rad8 21.
Ba3 Bc2 22. Re1 Be4 23. Rad1 Bc2 24. Rxd8 Rxd8 25. Re2 Be4 26. Bxc5 Rd1 27. Bb4
h4 28. Be1 Rb1 29. Rd2 c5 30. Rd8+ Kh7 31. g4 hxg3+ 32. Ke2 g2 33. Kf2 Rxe1 0-1

[Event "Madrid-ch Semifinal A"]
[Site "Madrid ESP"]
[Date "2014.03.12"]
[Round "1.5"]
[White "Luna Hermoso, Angel"]
[Black "Barraza Caracuel, Ignacio"]
[Result "0-1"]
[WhiteElo "1973"]
[BlackElo "2207"]
[PlyCount "94"]
[EventDate "2014.03.10"]
[EventType "swiss"]
[EventRounds "9"]
[EventCountry "ESP"]
[Source "lmi"]
[SourceDate "2014.03.10"]

1. d4 Nf6 2. c4 e6 3. g3 c5 4. Nf3 cxd4 5. Bg2 e5 6. O-O Nc6 7. e3 dxe3 8. Bxe3
Be7 9. Nc3 d6 10. b4 Nxb4 11. Qb3 Nc6 12. c5 dxc5 13. Ng5 O-O 14. Nd5 Nxd5 15.
Nxf7 Kxf7 16. Bxd5+ Ke8 17. Rad1 Qb6 18. Qc4 Qb4 19. Qe2 Bg4 20. f3 Bf5 21. g4
Bg6 22. Qa6 Rc8 23. Qe2 Rf4 24. a3 Qxa3 25. Bc1 Qb4 26. Bxc6+ bxc6 27. Qxe5 Rf7
28. Qe6 Rc7 29. Rfe1 c4 30. Bg5 Qc5+ 31. Be3 Qa3 32. Qxc4 Kf8 33. Rd8+ Bxd8 34.
Bc5+ Be7 35. Rxe7 Qxc5+ 36. Qxc5 Rcxe7 37. Qxc6 Re8 38. h4 Rfe7 39. Kg2 Kg8 40.
h5 Bf7 41. Kg3 h6 42. f4 Re3+ 43. Kh4 R3e4 44. Qd6 R4e6 45. Qc5 a6 46. g5 hxg5+
47. Kxg5 Rh6 0-1

[Event "Madrid-ch Semifinal A"]
[Site "Madrid ESP"]
[Date "2014.03.12"]
[Round "1.6"]
[White "De La Fuente Gonzalez, Francis"]
[Black "Rueda Maria, Ramiro"]
[Result "0-1"]
[WhiteElo "2204"]
[BlackElo "1967"]
[PlyCount "102"]
[EventDate "2014.03.10"]
[EventType "swiss"]
[EventRounds "9"]
[EventCountry "ESP"]
[Source "lmi"]
[SourceDate "2014.03.10"]

1. Nf3 Nf6 2. c4 c5 3. Nc3 g6 4. g3 Bg7 5. Bg2 O-O 6. O-O Nc6 7. d4 cxd4 8.
Nxd4 Nxd4 9. Qxd4 d6 10. Qd3 Rb8 11. Bd2 b6 12. Rac1 Ba6 13. b3 d5 14. Nxd5
Nxd5 15. Qxd5 Qxd5 16. Bxd5 Rfd8 17. Bf4 Rbc8 18. Bf3 Rd7 19. Rfd1 Rcd8 20.
Rxd7 Rxd7 21. Be3 Bb2 22. Rc2 Ba3 23. Kg2 h5 24. h4 Kf8 25. Bh6+ Ke8 26. Bc6
Bb7 27. Bxb7 Rxb7 28. Rd2 Bc1 29. Kf3 Bxd2 30. Bxd2 Kd7 31. e4 Kc6 32. Ke3 Rd7
33. f4 f5 34. e5 a6 35. b4 b5 36. c5 Rd5 37. Ke2 Rd4 38. Bc3 Rc4 39. Kd3 Kd5
40. a3 e6 41. Bb2 a5 42. Bc3 axb4 43. axb4 Re4 44. Bd2 Rd4+ 45. Ke3 Kc4 46. Ke2
Re4+ 47. Kf1 Kd3 48. Be1 Re2 49. Bf2 Rc2 50. Kg1 Ke2 51. Kg2 Rc4 0-1

[Event "Madrid-ch Semifinal A"]
[Site "Madrid ESP"]
[Date "2014.03.12"]
[Round "1.7"]
[White "Martos De La Vega, Alvar"]
[Black "Lopez De Turiso, Jose Angel"]
[Result "0-1"]
[WhiteElo "1958"]
[BlackElo "2127"]
[PlyCount "56"]
[EventDate "2014.03.10"]
[EventType "swiss"]
[EventRounds "9"]
[EventCountry "ESP"]
[Source "lmi"]
[SourceDate "2014.03.10"]

1. d4 f5 2. e4 fxe4 3. Nc3 Nf6 4. Bg5 Nc6 5. d5 Ne5 6. Qe2 Nf7 7. h4 c6 8.
O-O-O cxd5 9. Nxd5 e6 10. Bxf6 gxf6 11. Qxe4 Bh6+ 12. Kb1 O-O 13. Nc3 d5 14.
Qg4+ Kh8 15. Qh5 f5 16. g4 fxg4 17. Ne4 Qe7 18. Ng5 Nxg5 19. hxg5 Bxg5 20. f3
Bd7 21. Bd3 Rf7 22. Qxg4 e5 23. Qh5 Rc8 24. Bg6 Rg7 25. Rxd5 Bc6 26. Rd1 e4 27.
Qh3 Bd7 28. Bf5 Qc5 0-1

[Event "Madrid-ch Semifinal A"]
[Site "Madrid ESP"]
[Date "2014.03.12"]
[Round "1.8"]
[White "Perez De Aranda A., Leonardo I"]
[Black "Camacho Casado, Demetrio"]
[Result "1-0"]
[WhiteElo "2117"]
[BlackElo "1956"]
[PlyCount "94"]
[EventDate "2014.03.10"]
[EventType "swiss"]
[EventRounds "9"]
[EventCountry "ESP"]
[Source "lmi"]
[SourceDate "2014.03.10"]

1. Nf3 f5 2. g3 Nf6 3. Bg2 g6 4. O-O Bg7 5. c4 O-O 6. Nc3 d6 7. d4 c6 8. b3 Qe8
9. Qc2 Na6 10. a4 Nb4 11. Qd2 a5 12. Ba3 Na6 13. Rae1 Bd7 14. e4 fxe4 15. Nxe4
Nxe4 16. Rxe4 Bf5 17. Ree1 Qd7 18. Nh4 Rf7 19. Nxf5 Qxf5 20. d5 c5 21. Be4 Qc8
22. h4 Bd4 23. Kg2 Nc7 24. h5 gxh5 25. Qg5+ Rg7 26. Qxh5 Qg4 27. Bxh7+ Kf8 28.
Qxg4 Rxg4 29. Bf5 Rg5 30. g4 Kf7 31. Rh1 Rag8 32. Rh7+ R5g7 33. Rxg7+ Rxg7 34.
Bc1 Kf6 35. Bf4 Rg8 36. Rh1 Kf7 37. Rh7+ Rg7 38. Rxg7+ Bxg7 39. g5 Bd4 40. Kg3
Kg7 41. f3 Bc3 42. Kg4 Kg8 43. Bd7 Kg7 44. Kh5 Kf8 45. Kh6 Ne8 46. Bxe8 Kxe8
47. Kh7 Kf8 1-0

[Event "Madrid-ch Semifinal A"]
[Site "Madrid ESP"]
[Date "2014.03.12"]
[Round "1.9"]
[White "Lopez Heras, Arturo"]
[Black "Rodriguez De Castro, Ayar"]
[Result "0-1"]
[WhiteElo "1956"]
[BlackElo "2108"]
[PlyCount "72"]
[EventDate "2014.03.10"]
[EventType "swiss"]
[EventRounds "9"]
[EventCountry "ESP"]
[Source "lmi"]
[SourceDate "2014.03.10"]

1. e4 e6 2. d4 d5 3. e5 c5 4. Nf3 Qb6 5. Bd3 Bd7 6. O-O Nc6 7. dxc5 Bxc5 8. a3
Nge7 9. b4 Bd4 10. Ra2 a6 11. Nxd4 Qxd4 12. Bb2 Qh4 13. Nd2 Ng6 14. g3 Qg5 15.
f4 Qd8 16. Nf3 Qb6+ 17. Rf2 Rc8 18. Bf1 O-O 19. Nd4 Rfd8 20. Nxc6 Bxc6 21. Bd4
Qc7 22. a4 Qd7 23. c3 Re8 24. Bd3 Ne7 25. g4 b5 26. a5 Rf8 27. Rf3 f5 28. exf6
gxf6 29. Rh3 Rf7 30. Rg2 e5 31. fxe5 fxe5 32. Bxe5 d4 33. Rgg3 Qd5 34. Bxh7+
Rxh7 35. Qd3 Rxh3 36. Rxh3 Qg2# 0-1

[Event "Madrid-ch Semifinal A"]
[Site "Madrid ESP"]
[Date "2014.03.12"]
[Round "1.10"]
[White "Gonzalez Rivera, Eduardo"]
[Black "Perez Agusti, Luis"]
[Result "1-0"]
[WhiteElo "2101"]
[BlackElo "1952"]
[PlyCount "159"]
[EventDate "2014.03.10"]
[EventType "swiss"]
[EventRounds "9"]
[EventCountry "ESP"]
[Source "lmi"]
[SourceDate "2014.03.10"]

1. e4 d5 2. exd5 Nf6 3. Nf3 Nxd5 4. d4 Bf5 5. Be2 e6 6. O-O Bd6 7. a3 O-O 8. c4
Nf4 9. Nc3 Nxe2+ 10. Qxe2 Nc6 11. h3 h6 12. b4 Qf6 13. Bb2 Nxd4 14. Nxd4 Qxd4
15. c5 Be7 16. Rfd1 Qh4 17. Nb5 Rad8 18. Nxc7 a6 19. Be5 Qe4 20. Qxe4 Bxe4 21.
Bd6 Rd7 22. b5 Bxd6 23. cxd6 axb5 24. Nxb5 Bc6 25. a4 Rfd8 26. Rac1 Bxb5 27.
axb5 Rxd6 28. Rxd6 Rxd6 29. Rc7 Rb6 30. Rc8+ Kh7 31. Rc5 Kg6 32. Kf1 Rd6 33.
Rc7 Rb6 34. Rc5 Kf6 35. Ke2 Rd6 36. Rc7 Rb6 37. Rc5 Ke7 38. Kd3 Kd7 39. Kc4 Rd6
40. Kb4 b6 41. Rc2 Rd4+ 42. Kb3 e5 43. Re2 Rd5 44. Kb4 f5 45. Rc2 Rd4+ 46. Kb3
Rd5 47. Kb4 Rd6 48. Ra2 g5 49. Ra7+ Ke6 50. Rc7 e4 51. Kc4 f4 52. Rh7 Ke5 53.
Re7+ Re6 54. Rd7 h5 55. h4 gxh4 56. Rd5+ Kf6 57. Rxh5 Kg6 58. Rxh4 e3 59. fxe3
fxe3 60. Rh1 Kf5 61. Kd3 Kf4 62. Rf1+ Kg3 63. Rf3+ Kxg2 64. Rxe3 Rd6+ 65. Kc4
Kf2 66. Re7 Rd1 67. Re6 Rc1+ 68. Kd4 Rd1+ 69. Ke5 Ke3 70. Rxb6 Rh1 71. Rf6 Rh5+
72. Rf5 Rh6 73. Kd5 Rh1 74. b6 Rb1 75. Kc6 Ke4 76. Rb5 Rc1+ 77. Kd7 Rh1 78. b7
Rh7+ 79. Ke6 Rh6+ 80. Kf7 1-0

[Event "Madrid-ch Semifinal A"]
[Site "Madrid ESP"]
[Date "2014.03.12"]
[Round "1.11"]
[White "Pinel Mirasierra, Jose Pablo"]
[Black "Martin Rodriguez, Emilio"]
[Result "1/2-1/2"]
[WhiteElo "1951"]
[BlackElo "2078"]
[PlyCount "87"]
[EventDate "2014.03.10"]
[EventType "swiss"]
[EventRounds "9"]
[EventCountry "ESP"]
[Source "lmi"]
[SourceDate "2014.03.10"]

1. d4 g6 2. g3 d5 3. Bg2 Bg7 4. Nf3 Nf6 5. c4 c6 6. O-O O-O 7. b3 a5 8. Nc3 Ne4
9. Bb2 Nxc3 10. Bxc3 e6 11. Qc2 Nd7 12. Rfd1 b6 13. Rac1 Bb7 14. e4 Rc8 15. Qb1
Re8 16. Bb2 Nf6 17. Nd2 Qe7 18. Re1 Qd8 19. exd5 cxd5 20. Qd3 dxc4 21. bxc4
Bxg2 22. Kxg2 Qd7 23. Qf3 Qd6 24. Red1 Qc6 25. Nf1 Qxf3+ 26. Kxf3 Red8 27. Ne3
Nd7 28. Rc2 Kf8 29. Ke2 Ke8 30. Ba3 e5 31. d5 Nc5 32. Bxc5 Rxc5 33. Rb1 Bh6 34.
Rxb6 Bxe3 35. Kxe3 Rdxd5 36. Rd2 Rxd2 37. Kxd2 Ke7 38. Rb5 Kd6 39. Kc3 f5 40.
h4 h6 41. Rb6+ Rc6 42. Rb5 Rc5 43. Rb6+ Rc6 44. Rb5 1/2-1/2

[Event "Madrid-ch Semifinal A"]
[Site "Madrid ESP"]
[Date "2014.03.12"]
[Round "1.12"]
[White "Spitzer Isbert, Ramon"]
[Black "Fernandez Garcia, Ignacio"]
[Result "1-0"]
[WhiteElo "2070"]
[BlackElo "1907"]
[PlyCount "63"]
[EventDate "2014.03.10"]
[EventType "swiss"]
[EventRounds "9"]
[EventCountry "ESP"]
[Source "lmi"]
[SourceDate "2014.03.10"]

1. g3 e5 2. Bg2 d5 3. c3 Bd6 4. Bxd5 Nf6 5. Bg2 Nc6 6. d3 h6 7. Nf3 Ne7 8. O-O
g5 9. Nbd2 Ng6 10. Nc4 c6 11. Nxd6+ Qxd6 12. d4 e4 13. Nd2 Qe7 14. Nc4 Nd5 15.
Qc2 f5 16. b3 b6 17. Ba3 c5 18. dxc5 bxc5 19. Rad1 Be6 20. Rxd5 Bxd5 21. Ne3
Qf7 22. Rd1 Rd8 23. c4 Be6 24. Rxd8+ Kxd8 25. Bxc5 Kc8 26. f3 f4 27. Nd5 e3 28.
Qxg6 Bxd5 29. Qa6+ Bb7 30. Bh3+ Kb8 31. Qxa7+ Kc7 32. Qb6+ 1-0

[Event "Madrid-ch Semifinal A"]
[Site "Madrid ESP"]
[Date "2014.03.12"]
[Round "1.13"]
[White "Garcia Fernandez, Jesus"]
[Black "Martin Martin, Luis Vicente"]
[Result "0-1"]
[WhiteElo "1892"]
[BlackElo "2065"]
[PlyCount "74"]
[EventDate "2014.03.10"]
[EventType "swiss"]
[EventRounds "9"]
[EventCountry "ESP"]
[Source "lmi"]
[SourceDate "2014.03.10"]

1. d4 d5 2. e4 e6 3. Nc3 dxe4 4. f3 Bb4 5. Be3 Nf6 6. a3 Bxc3+ 7. bxc3 Nd5 8.
Qd2 O-O 9. Be2 Nc6 10. fxe4 Qh4+ 11. Bf2 Qxe4 12. Nf3 Nf4 13. Kf1 Qxe2+ 14.
Qxe2 Nxe2 15. Kxe2 b6 16. Bg3 Ba6+ 17. Kf2 Rac8 18. Rhe1 Rfd8 19. Ne5 Nxe5 20.
Bxe5 f6 21. Bg3 Kf7 22. Re3 c5 23. Rae1 Bc4 24. Rd1 Rd5 25. Ree1 Rcd8 26. Re4
e5 27. Ke3 R5d7 28. Bf2 Be6 29. Kd2 Bf5 30. Ree1 cxd4 31. cxd4 exd4 32. Rb1 Rc8
33. Rb2 Rdc7 34. Rc1 d3 35. c3 Re7 36. Re1 Rxe1 37. Bxe1 Re8 0-1

[Event "Madrid-ch Semifinal A"]
[Site "Madrid ESP"]
[Date "2014.03.12"]
[Round "1.14"]
[White "Vallejo Nuno, Jorge"]
[Black "Fernandez Aransay, Fernando"]
[Result "1/2-1/2"]
[WhiteElo "2061"]
[BlackElo "1888"]
[PlyCount "95"]
[EventDate "2014.03.10"]
[EventType "swiss"]
[EventRounds "9"]
[EventCountry "ESP"]
[Source "lmi"]
[SourceDate "2014.03.10"]

1. Nf3 d5 2. c4 e6 3. g3 Nf6 4. Bg2 Be7 5. O-O O-O 6. Qc2 d4 7. d3 c5 8. Bg5
Nfd7 9. Bxe7 Qxe7 10. b4 Nc6 11. b5 Nce5 12. Nxe5 Nxe5 13. Nd2 Rb8 14. a4 Ng4
15. a5 f5 16. h3 Nf6 17. Rfe1 Qd6 18. Nf1 e5 19. e3 dxe3 20. fxe3 f4 21. Rad1
f3 22. Bxf3 Bxh3 23. Qh2 Bg4 24. Qg2 Bxf3 25. Qxf3 Qe6 26. Nh2 e4 27. dxe4 Qxc4
28. Rc1 Qb4 29. Rf1 Nxe4 30. Qg4 Rbe8 31. Rxf8+ Kxf8 32. Qf5+ Kg8 33. Qd5+ Kh8
34. Rf1 Nf6 35. Rxf6 gxf6 36. Qf7 Qb1+ 37. Nf1 Qe4 38. Qxf6+ Kg8 39. Qg5+ Qg6
40. Qxc5 Qf6 41. Nh2 Rf8 42. Ng4 Qf1+ 43. Kh2 Qe2+ 44. Kh3 Qf1+ 45. Kh2 Qf3 46.
Qg5+ Kh8 47. Qe5+ Kg8 48. Qg5+ 1/2-1/2

[Event "Madrid-ch Semifinal A"]
[Site "Madrid ESP"]
[Date "2014.03.12"]
[Round "1.15"]
[White "Lozano Sanchez, Jose Antonio"]
[Black "Alvarez Abejon, Amilcar"]
[Result "0-1"]
[WhiteElo "1874"]
[BlackElo "2054"]
[PlyCount "32"]
[EventDate "2014.03.10"]
[EventType "swiss"]
[EventRounds "9"]
[EventCountry "ESP"]
[Source "lmi"]
[SourceDate "2014.03.10"]

1. e4 c5 2. Nf3 d6 3. Bc4 Nf6 4. Nc3 Nc6 5. O-O Bg4 6. h3 Bh5 7. Be2 e6 8. d4
Bxf3 9. Bxf3 Nxd4 10. e5 dxe5 11. Bxb7 Rb8 12. Ba6 Be7 13. b3 Qa5 14. Qd3 e4
15. Qg3 O-O 16. Bc4 Nf5 0-1

[Event "Madrid-ch Semifinal A"]
[Site "Madrid ESP"]
[Date "2014.03.12"]
[Round "1.16"]
[White "Vazquez Gonzalez, Jesus"]
[Black "Camarero Izquierdo, Juan Carlo"]
[Result "1-0"]
[WhiteElo "2054"]
[BlackElo "1864"]
[PlyCount "121"]
[EventDate "2014.03.10"]
[EventType "swiss"]
[EventRounds "9"]
[EventCountry "ESP"]
[Source "lmi"]
[SourceDate "2014.03.10"]

1. b3 d5 2. Bb2 Nc6 3. e3 e5 4. Bb5 Qg5 5. Qf3 e4 6. Qg3 Qxg3 7. hxg3 Bd7 8.
Bxc6 Bxc6 9. Ne2 O-O-O 10. a4 Ne7 11. Nd4 h5 12. Nc3 a6 13. b4 Bd7 14. b5 a5
15. d3 f5 16. Nce2 Ng6 17. Nf4 Nxf4 18. gxf4 Be7 19. Nb3 Rh7 20. O-O-O b6 21.
dxe4 fxe4 22. Rxd5 h4 23. Re5 Bf6 24. Rxe4 Bf5 25. Bxf6 Bxe4 26. Bxd8 Kxd8 27.
f3 h3 28. Rxh3 Rxh3 29. gxh3 Bxf3 30. Nd4 Bg2 31. Ne6+ Kd7 32. Nxg7 Bxh3 33.
Nh5 Kd6 34. Kd2 Kd5 35. Kd3 Bf1+ 36. Kc3 Kc5 37. Ng3 Bh3 38. Ne4+ Kd5 39. Nd2
c6 40. e4+ Kc5 41. Nb3+ Kd6 42. e5+ Kd5 43. bxc6 Kxc6 44. Kd4 Bf5 45. c4 Bc2
46. Kc3 Bd1 47. f5 Kd7 48. c5 bxc5 49. Nxc5+ Kc6 50. Kd4 Kc7 51. Kd5 Bf3+ 52.
Ne4 Bd1 53. Nc3 Bf3+ 54. Ke6 Kd8 55. f6 Bg4+ 56. Kd6 Ke8 57. e6 Kf8 58. Nd5 Bd1
59. Nb6 Be2 60. Nd7+ Ke8 61. f7+ 1-0

[Event "Madrid-ch Semifinal A"]
[Site "Madrid ESP"]
[Date "2014.03.12"]
[Round "1.17"]
[White "Martin-Consuegra Barrilero, Ja"]
[Black "Mansilla Tolosa, Luis"]
[Result "1/2-1/2"]
[WhiteElo "1853"]
[BlackElo "2035"]
[PlyCount "38"]
[EventDate "2014.03.10"]
[EventType "swiss"]
[EventRounds "9"]
[EventCountry "ESP"]
[Source "lmi"]
[SourceDate "2014.03.10"]

1. d4 f5 2. Bf4 Nf6 3. e3 g6 4. h3 Bg7 5. Bc4 d5 6. Be2 c5 7. c3 Nc6 8. Nf3 O-O
9. Nbd2 Ne4 10. O-O h6 11. Nxe4 dxe4 12. Nd2 cxd4 13. exd4 e5 14. dxe5 Nxe5 15.
Nc4 Nf7 16. Qxd8 Rxd8 17. Rfd1 Be6 18. Na5 b6 19. Nc6 Re8 1/2-1/2

[Event "Madrid-ch Semifinal A"]
[Site "Madrid ESP"]
[Date "2014.03.12"]
[Round "1.18"]
[White "Tereso Martin, Antonio"]
[Black "Jimenez Gonzalez, Marcos"]
[Result "1/2-1/2"]
[WhiteElo "2029"]
[BlackElo "1851"]
[PlyCount "146"]
[EventDate "2014.03.10"]
[EventType "swiss"]
[EventRounds "9"]
[EventCountry "ESP"]
[Source "lmi"]
[SourceDate "2014.03.10"]

1. c4 e6 2. g3 d5 3. Bg2 c5 4. Nf3 Nc6 5. O-O Nf6 6. cxd5 exd5 7. d4 Be7 8. Nc3
O-O 9. Bg5 c4 10. Ne5 Be6 11. e3 h6 12. Bxf6 Bxf6 13. f4 Ne7 14. g4 Qa5 15. f5
Bc8 16. Qf3 Rd8 17. Rad1 b5 18. e4 b4 19. Nxd5 Nxd5 20. exd5 Bb7 21. a3 Bxd5
22. axb4 Qxb4 23. Qe2 Bxg2 24. Qxg2 Bxe5 25. dxe5 Qc5+ 26. Kh1 Qxe5 27. f6 Rab8
28. Rxd8+ Rxd8 29. h3 Qd5 30. Qxd5 Rxd5 31. Rf4 Rd3 32. Kg2 Rd2+ 33. Kf3 Rxb2
34. Rxc4 Ra2 35. fxg7 Kxg7 36. h4 a5 37. Kf4 a4 38. Rb4 a3 39. Ra4 Ra1 40. Kg3
a2 41. Kg2 Kf6 42. Ra5 Ke6 43. Kh2 Kd6 44. Kg2 Kc6 45. Kh2 Kb6 46. Ra8 Kc5 47.
Ra4 Kb5 48. Ra8 Kb4 49. Ra7 Kc3 50. Kg2 Kd3 51. Ra3+ Ke4 52. Ra4+ Ke5 53. Ra5+
Kf6 54. Kh2 h5 55. gxh5 Kg7 56. Kg2 Kh6 57. Kh2 f5 58. Kg2 f4 59. Ra6+ Kxh5 60.
Ra5+ Kxh4 61. Ra4 Kg4 62. Kh2 Kf3 63. Ra3+ Ke2 64. Ra8 f3 65. Re8+ Kf2 66. Ra8
Re1 67. Rxa2+ Re2 68. Ra1 Rb2 69. Ra8 Ke1+ 70. Kh1 f2 71. Ra1+ Ke2 72. Kg2 Rd2
73. Rb1 Ra2 1/2-1/2

[Event "Madrid-ch Semifinal A"]
[Site "Madrid ESP"]
[Date "2014.03.12"]
[Round "1.19"]
[White "Saber, Salah"]
[Black "Cervino Rossel, Cristobal"]
[Result "1-0"]
[WhiteElo "1847"]
[BlackElo "2018"]
[PlyCount "89"]
[EventDate "2014.03.10"]
[EventType "swiss"]
[EventRounds "9"]
[EventCountry "ESP"]
[Source "lmi"]
[SourceDate "2014.03.10"]

1. e4 e5 2. Nf3 Nc6 3. Bb5 a6 4. Ba4 d6 5. d3 Nf6 6. Bg5 Be7 7. Nbd2 b5 8. Bb3
Na5 9. h3 Nxb3 10. axb3 h6 11. Be3 c5 12. O-O O-O 13. Kh2 Nh7 14. g4 Ng5 15.
Rg1 Ne6 16. Nf1 g5 17. Ng3 Nf4 18. Nf5 Bxf5 19. gxf5 Kh7 20. Bxf4 exf4 21. Qf1
Rg8 22. Qg2 Bf6 23. c3 Qe7 24. Qg4 b4 25. Rac1 bxc3 26. bxc3 Rab8 27. Nd2 Be5
28. f3 Qf6 29. c4 Bc3 30. Nb1 Bd4 31. Rg2 Rxb3 32. Rd1 Rgb8 33. Nd2 Rxd3 34. h4
Rg8 35. e5 Qxe5 36. Ne4 Rxd1 37. hxg5 Qg7 38. Qh5 Re1 39. g6+ Kh8 40. Nxd6 Re7
41. Rg4 fxg6 42. Rxg6 Qh7 43. Rxh6 Qxh6 44. Qxh6+ Rh7 45. Nf7# 1-0

[Event "Madrid-ch Semifinal A"]
[Site "Madrid ESP"]
[Date "2014.03.12"]
[Round "1.20"]
[White "Garcia Gutierrez, Jose"]
[Black "Ore Leon, Gustavo"]
[Result "1-0"]
[WhiteElo "2009"]
[BlackElo "1840"]
[PlyCount "127"]
[EventDate "2014.03.10"]
[EventType "swiss"]
[EventRounds "9"]
[EventCountry "ESP"]
[Source "lmi"]
[SourceDate "2014.03.10"]

1. e4 c6 2. d4 d5 3. Nd2 dxe4 4. Nxe4 Bf5 5. Ng3 Bg6 6. h4 h6 7. Nf3 Nd7 8. h5
Bh7 9. Bd3 Bxd3 10. Qxd3 e6 11. Bd2 Qc7 12. Kf1 Ngf6 13. Re1 O-O-O 14. b4 Bd6
15. Rh4 Nd5 16. Qa3 Qb6 17. c4 Bxb4 18. Bxb4 Qxb4 19. Qxa7 Qxc4+ 20. Kg1 Qa6
21. Qxa6 bxa6 22. Rc1 Kc7 23. Rg4 Rhg8 24. Nf1 Rb8 25. N1d2 N5b6 26. Nb3 Kd6
27. Nc5 a5 28. Ne4+ Ke7 29. Rh4 Rgc8 30. g4 Nd5 31. g5 hxg5 32. Nfxg5 Rb2 33.
Re1 Nc7 34. Ng3 Rcb8 35. Rf4 Nf6 36. Nf5+ Kf8 37. Nd6 Ncd5 38. Rf3 Rb1 39. Rxb1
Rxb1+ 40. Kg2 Rb4 41. Ndxf7 Ke7 42. Ne5 Kd6 43. Ra3 a4 44. Rf3 Rxd4 45. Ngf7+
Kc7 46. Ng5 Kd6 47. Nef7+ Ke7 48. Ne5 Nf4+ 49. Rxf4 Rxf4 50. Ng6+ Kd6 51. Nxf4
e5 52. Nf7+ Kc5 53. Nxe5 Kb5 54. Kf3 a3 55. Ke3 c5 56. Kd3 Ne8 57. Ne6 Kb4 58.
Nxg7 c4+ 59. Nxc4 Nxg7 60. h6 Ne6 61. Ne5 Nf8 62. f4 Nh7 63. Kd4 Kb5 64. Nf7
1-0

[Event "Madrid-ch Semifinal A"]
[Site "Madrid ESP"]
[Date "2014.03.12"]
[Round "1.21"]
[White "Montes De Santiago, Fernando"]
[Black "Gonzalez Mateos, Rafael"]
[Result "0-1"]
[WhiteElo "1831"]
[BlackElo "2005"]
[PlyCount "104"]
[EventDate "2014.03.10"]
[EventType "swiss"]
[EventRounds "9"]
[EventCountry "ESP"]
[Source "lmi"]
[SourceDate "2014.03.10"]

1. d4 Nf6 2. c4 e6 3. Nf3 b6 4. g3 Ba6 5. b3 Bb4+ 6. Bd2 Be7 7. Bg2 c6 8. O-O
O-O 9. Re1 d5 10. Qc2 Nbd7 11. Bf4 Rc8 12. Nbd2 c5 13. e3 cxd4 14. exd4 Bb4 15.
a3 Bxd2 16. Nxd2 dxc4 17. bxc4 Bxc4 18. Bb7 Ba6 19. Qxc8 Qxc8 20. Bxc8 Rxc8 21.
Rac1 Ra8 22. Rc7 Nf8 23. Rcc1 Nd5 24. Be5 Ng6 25. Nf1 f6 26. Bd6 Rd8 27. Bb4
Nxb4 28. axb4 e5 29. Ra1 Bxf1 30. Kxf1 exd4 31. Rxa7 d3 32. Rd1 Ne5 33. Ra3 d2
34. Ra2 Nc4 35. Ke2 Rd4 36. b5 f5 37. Rc2 Kf7 38. h4 Ke6 39. Rb1 Kd5 40. Kd1
Kc5 41. Rb3 Re4 42. Re3 Kxb5 43. Rxe4 fxe4 44. Ra2 Kb4 45. Ra7 Kc3 46. Rc7 b5
47. g4 b4 48. Ke2 b3 49. Kd1 b2 50. Rb7 e3 51. f4 e2+ 52. Kxe2 Kc2 0-1